[Event "Oberliga Ost-B 2122"]
[Site "Germany"]
[Date "2022.05.22"]
[Round "5.1"]
[White "Wehner, Janis"]
[Black "Kunin, Vitaly L"]
[Result "0-1"]
[WhiteElo "2135"]
[BlackElo "2539"]
[PlyCount "96"]
[EventDate "2021.10.10"]
[EventType "team-tourn"]
[EventRounds "11"]
[EventCountry "GER"]
[SourceTitle "EXT 2023"]
[Source "ChessBase"]
[SourceDate "2022.10.05"]
[SourceVersion "1"]
[SourceVersionDate "2022.10.05"]
[SourceQuality "1"]
[WhiteTeam "Erfurt Medizin"]
[BlackTeam "Moerlenbach Birkenau"]
[WhiteTeamCountry "GER"]
[BlackTeamCountry "GER"]

1. e4 d6 2. d4 Nf6 3. Nc3 Nbd7 4. Nf3 e5 5. Bc4 Be7 6. 0-0 0-0 7. Re1 a6 8. dxe5 dxe5 9. Nd5 Nxd5 10. Bxd5 c6 11. Bb3 Qc7 12. Bg5 Nc5 13. Bxe7 Qxe7 14. Qe2 a5 15. Qe3 a4 16. Bc4 b5 17. Bf1 f6 18. b4 axb3 19. axb3 Be6 20. b4 Na4 21. c3 Rfd8 22. Rec1 Nb2 23. Ne1 Bc4 24. Rxa8 Rxa8 25. Nd3 Na4 26. Ra1 Rd8 27. Ne1 Bxf1 28. Kxf1 Qe6 29. Rc1 Qb3 30. Ke2 Qc4+ 31. Kf3 c5 32. bxc5 Nxc5 33. g3 Rd2 34. Rc2 Rxc2 35. Nxc2 Na4 36. Qa7 Nxc3 37. Qb8+ Kf7 38. Qb7+ Kg6 39. Ne3 Qe2+ 40. Kg2 Qd3 41. Kf3 Qb1 42. Nf5 Qd3+ 43. Ne3 Ne2 44. h4 Nd4+ 45. Kg2 Qe2 46. Nf5 Nxf5 47. exf5+ Kh5 48. Qb6 Qe4+ 0-1

[Event "Pardubice Czech op-B 30th"]
[Site "Pardubice"]
[Date "2019.07.20"]
[Round "2"]
[White "Laubrock, Paul"]
[Black "Wehner, Janis"]
[Result "0-1"]
[WhiteElo "1932"]
[BlackElo "2131"]
[PlyCount "56"]
[EventDate "2019.07.19"]
[EventType "swiss"]
[EventRounds "9"]
[EventCountry "CZE"]
[SourceTitle "EXT 2020"]
[Source "ChessBase"]
[SourceDate "2019.10.17"]
[SourceVersion "1"]
[SourceVersionDate "2019.10.17"]
[SourceQuality "1"]

1. d4 Nf6 2. Nc3 d5 3. Bf4 g6 4. Qd2 Bg7 5. f3 c5 6. Nb5 Na6 7. dxc5 0-0 8. c3 Bd7 9. e3 Nxc5 10. Rd1 Qb6 11. Bc7 Qc6 12. Be5 Qb6 13. Bc7 Qe6 14. Na3 Qc6 15. Be5 Bf5 16. Bb5 Qb6 17. Bd4 Qc7 18. g4 Be6 19. Ne2 Bxg4 20. fxg4 Nce4 21. Qc2 e5 22. h3 exd4 23. exd4 a6 24. Bd3 Rae8 25. 0-0 h5 26. gxh5 Nxh5 27. Nb1 Bh6 28. Kg2 Qd8 0-1

[Event "Bamberg op 2nd"]
[Site "Bamberg"]
[Date "2019.06.01"]
[Round "6"]
[White "Troyke, Christian"]
[Black "Wehner, Janis"]
[Result "1-0"]
[WhiteElo "2328"]
[BlackElo "2128"]
[PlyCount "91"]
[EventDate "2019.05.29"]
[EventType "swiss"]
[EventRounds "7"]
[EventCountry "GER"]
[SourceTitle "CBM 190 Extra"]
[Source "ChessBase"]
[SourceDate "2019.07.15"]
[SourceVersion "1"]
[SourceVersionDate "2019.07.15"]
[SourceQuality "1"]

1. g3 c5 2. Bg2 Nc6 3. c4 Nf6 4. Nf3 g6 5. Nc3 Bg7 6. 0-0 0-0 7. d4 cxd4 8. Nxd4 Ng4 9. e3 d6 10. Nce2 Bd7 11. Bd2 Qb6 12. Bc3 Rfc8 13. b3 Qd8 14. Qd2 Rab8 15. Rfd1 a6 16. a4 Nxd4 17. Nxd4 Ne5 18. Rac1 Nc6 19. h3 Nxd4 20. exd4 Bc6 21. d5 Be8 22. Re1 b5 23. Bxg7 Kxg7 24. cxb5 axb5 25. a5 Rxc1 26. Rxc1 b4 27. Ra1 Qc7 28. Bf1 Bb5 29. a6 Bxf1 30. Kxf1 Qc5 31. Ra4 Ra8 32. Qd3 e6 33. dxe6 fxe6 34. Kg1 d5 35. Qd2 Qc3 36. Qg5 Qxb3 37. Qe7+ Kh8 38. Qf6+ Kg8 39. Qxe6+ Kh8 40. Ra5 Qb1+ 41. Kh2 Qf5 42. Qe3 b3 43. Qd4+ Kg8 44. Rxd5 Qf8 45. a7 b2 46. Rb5 1-0

[Event "Oberliga Ost-B 1819"]
[Site "Germany"]
[Date "2019.03.24"]
[Round "9.2"]
[White "Engelmann, Jakob"]
[Black "Wehner, Janis"]
[Result "1/2-1/2"]
[WhiteElo "2276"]
[BlackElo "2164"]
[PlyCount "84"]
[EventDate "2018.10.21"]
[EventType "team-tourn"]
[EventRounds "11"]
[EventCountry "GER"]
[SourceTitle "EXT 2020"]
[Source "ChessBase"]
[SourceDate "2019.10.17"]
[SourceVersion "1"]
[SourceVersionDate "2019.10.17"]
[SourceQuality "1"]
[WhiteTeam "Sangerhausen"]
[BlackTeam "Erfurt Medizin"]
[WhiteTeamCountry "GER"]
[BlackTeamCountry "GER"]

1. c4 e5 2. g3 Nc6 3. Bg2 Nf6 4. Nc3 Bc5 5. e3 0-0 6. Nge2 a6 7. 0-0 d6 8. a3 Be6 9. b4 Ba7 10. Nd5 Bxd5 11. cxd5 Ne7 12. e4 c6 13. dxc6 Nxc6 14. Bb2 Re8 15. d4 exd4 16. Nxd4 Bxd4 17. Bxd4 Nxe4 18. Bb2 d5 19. Qh5 Qd6 20. Rad1 Rad8 21. Rfe1 g6 22. Qh6 Qf8 23. Qf4 f5 24. Bf1 Qd6 25. Qc1 Ne5 26. Kg2 Rc8 27. Qf4 Rc2 28. Re2 Rxe2 29. Bxe2 Qe6 30. Qh6 Nf6 31. Re1 Nf7 32. Qd2 Ne5 33. Qd4 Ned7 34. Kg1 Qe4 35. Qc3 Ne5 36. Qc7 Nf3+ 37. Bxf3 Qxe1+ 38. Kg2 Re7 39. Qd8+ Kf7 40. Bd4 Ne4 41. Qxd5+ Ke8 42. Qg8+ Kd7 1/2-1/2

[Event "Oberliga Ost-B 1617"]
[Site "Germany"]
[Date "2017.02.19"]
[Round "7.1"]
[White "Wehner, Janis"]
[Black "Strache, Michael"]
[Result "1/2-1/2"]
[WhiteElo "2210"]
[BlackElo "2310"]
[PlyCount "77"]
[EventDate "2016.10.16"]
[EventType "team-tourn"]
[EventRounds "11"]
[EventCountry "GER"]
[SourceTitle "EXT 2018"]
[Source "ChessBase"]
[SourceDate "2017.10.13"]
[SourceVersion "1"]
[SourceVersionDate "2017.10.13"]
[SourceQuality "1"]
[WhiteTeam "Erfurt Medizin"]
[BlackTeam "Sangerhausen"]
[WhiteTeamCountry "GER"]
[BlackTeamCountry "GER"]

1. c4 Nf6 2. d4 c5 3. d5 e6 4. Nc3 exd5 5. cxd5 d6 6. e4 g6 7. Nge2 Bg7 8. Ng3 h5 9. Be2 h4 10. Nf1 a6 11. a4 h3 12. g4 Nbd7 13. Ng3 Rb8 14. g5 Nh7 15. f4 Qc7 16. 0-0 c4 17. e5 dxe5 18. f5 0-0 19. Nce4 b5 20. f6 Bh8 21. Be3 bxa4 22. Qxa4 Nb6 23. Qa5 Rd8 24. Rfd1 Na8 25. Qxc7 Nxc7 26. Bxc4 Rxb2 27. Ra2 Rb4 28. Rc1 Bb7 29. d6 Ne6 30. Bd2 Rxc4 31. Rxc4 Bd5 32. Rca4 Bxa2 33. Rxa2 Nexg5 34. Bxg5 Nxg5 35. Nxg5 Rxd6 36. N3e4 Rc6 37. Rf2 a5 38. Nxh3 a4 39. Ra2 1/2-1/2

[Event "Oberliga Ost-B 1617"]
[Site "Germany"]
[Date "2016.12.04"]
[Round "4.1"]
[White "Keller, Peter1111"]
[Black "Wehner, Janis"]
[Result "1-0"]
[WhiteElo "2285"]
[BlackElo "2210"]
[PlyCount "117"]
[EventDate "2016.10.16"]
[EventType "team-tourn"]
[EventRounds "11"]
[EventCountry "GER"]
[SourceTitle "EXT 2018"]
[Source "ChessBase"]
[SourceDate "2017.10.13"]
[SourceVersion "1"]
[SourceVersionDate "2017.10.13"]
[SourceQuality "1"]
[WhiteTeam "Frankfurt TV"]
[BlackTeam "Erfurt Medizin"]
[WhiteTeamCountry "GER"]
[BlackTeamCountry "GER"]

1. e4 c5 2. Nf3 d6 3. d4 cxd4 4. Nxd4 Nf6 5. Nc3 a6 6. h3 e5 7. Nde2 Be6 8. g4 Nc6 9. Bg2 Be7 10. Be3 Rc8 11. Nd5 Bxd5 12. exd5 Na5 13. b3 Nd7 14. Qd2 h5 15. g5 g6 16. 0-0 Qc7 17. h4 0-0 18. c4 b6 19. Rac1 Nb7 20. Be4 Nbc5 21. Bb1 a5 22. Ng3 Rfe8 23. Qc2 e4 24. Bd4 Bf8 25. Qd1 Re7 26. Rc3 Rce8 27. Re3 Ne5 28. Nxe4 Nxe4 29. Rxe4 Bg7 30. Kg2 Ng4 31. Rfe1 Rxe4 32. Rxe4 Rxe4 33. Bxe4 Ne5 34. Kg3 Qe7 35. Qe2 Nd7 36. Bxg7 Kxg7 37. f4 f5 38. Bd3 Qxe2 39. Bxe2 Nc5 40. Kf3 Ne4 41. Bd3 Nc5 42. Bc2 Kf7 43. Ke3 Ke7 44. a3 Kd7 45. Kd4 Na6 46. Kc3 Ke7 47. b4 axb4+ 48. axb4 Nc7 49. Ba4 Kd8 50. Bc6 Ke7 51. Bb7 Kd8 52. Kd4 Ke7 53. c5 bxc5+ 54. bxc5 dxc5+ 55. Kxc5 Ne8 56. Bc8 Nd6 57. Be6 Nb7+ 58. Kb6 Nd6 59. Kc6 1-0

[Event "Oberliga Ost-B 1617"]
[Site "Germany"]
[Date "2016.11.20"]
[Round "3.1"]
[White "Wehner, Janis"]
[Black "Feldtmann, Thomas"]
[Result "0-1"]
[WhiteElo "2210"]
[BlackElo "2221"]
[PlyCount "80"]
[EventDate "2016.10.16"]
[EventType "team-tourn"]
[EventRounds "11"]
[EventCountry "GER"]
[SourceTitle "EXT 2018"]
[Source "ChessBase"]
[SourceDate "2017.10.13"]
[SourceVersion "1"]
[SourceVersionDate "2017.10.13"]
[SourceQuality "1"]
[WhiteTeam "Erfurt Medizin"]
[BlackTeam "Marburg"]
[WhiteTeamCountry "GER"]
[BlackTeamCountry "GER"]

1. e4 c5 2. Nf3 e6 3. d4 cxd4 4. Nxd4 a6 5. Bd3 Qc7 6. 0-0 Nf6 7. Nc3 Bc5 8. Nb3 Be7 9. Qe2 Nc6 10. f4 d6 11. Bd2 b6 12. Rae1 h5 13. e5 dxe5 14. fxe5 Ng4 15. Bf4 b5 16. Nd1 Bb7 17. Nf2 Qb6 18. h3 Nxf2 19. Qxf2 Qxf2+ 20. Rxf2 Nb4 21. Nc1 Nd5 22. Rff1 Nxf4 23. Rxf4 Rc8 24. Nb3 Bd8 25. c3 Bb6+ 26. Kh1 g5 27. Rff1 Rd8 28. Be4 Bxe4 29. Rxe4 Rd5 30. c4 bxc4 31. Rxc4 0-0 32. Re4 Rfd8 33. g3 Rb5 34. Rf3 Rdd5 35. a4 Rxe5 36. axb5 Rxe4 37. bxa6 Re1+ 38. Kg2 Re2+ 39. Kf1 Rxb2 40. Rc3 Kg7 0-1

[Event "Oberliga Ost-B 1617"]
[Site "Germany"]
[Date "2016.10.16"]
[Round "1.1"]
[White "Wehner, Janis"]
[Black "Teske, Henrik"]
[Result "0-1"]
[WhiteElo "2210"]
[BlackElo "2487"]
[PlyCount "42"]
[EventDate "2016.10.16"]
[EventType "team-tourn"]
[EventRounds "11"]
[EventCountry "GER"]
[SourceTitle "EXT 2018"]
[Source "ChessBase"]
[SourceDate "2017.10.13"]
[SourceVersion "1"]
[SourceVersionDate "2017.10.13"]
[SourceQuality "1"]
[WhiteTeam "Erfurt Medizin"]
[BlackTeam "Erfurt Empor"]
[WhiteTeamCountry "GER"]
[BlackTeamCountry "GER"]

1. e4 e5 2. Nf3 Nc6 3. Bb5 a6 4. Ba4 Nf6 5. d3 d6 6. c3 Be7 7. 0-0 0-0 8. Bxc6 bxc6 9. Re1 Re8 10. d4 exd4 11. cxd4 d5 12. Nc3 Nxe4 13. Nxe4 dxe4 14. Rxe4 c5 15. Re1 Bg4 16. dxc5 Qxd1 17. Rxd1 Bxc5 18. Kf1 Rab8 19. b3 Bd6 20. Rd3 Bxh2 21. g3 Bh3# 0-1

[Event "Oberliga Ost-B 1213"]
[Site "Germany"]
[Date "2013.02.03"]
[Round "7.3"]
[White "Mueller, Thorsten"]
[Black "Wehner, Janis"]
[Result "1/2-1/2"]
[WhiteElo "2122"]
[BlackElo "2152"]
[PlyCount "65"]
[EventDate "2012.09.30"]
[EventType "team-tourn"]
[EventRounds "11"]
[EventCountry "GER"]
[SourceTitle "EXT 2014"]
[Source "ChessBase"]
[SourceDate "2013.11.20"]
[SourceVersion "1"]
[SourceVersionDate "2013.11.20"]
[SourceQuality "1"]
[WhiteTeam "Offenbach"]
[BlackTeam "Erfurt Medizin"]
[WhiteTeamCountry "GER"]
[BlackTeamCountry "GER"]

1. d4 Nf6 2. Nf3 e6 3. Bf4 b6 4. e3 Bb7 5. Bd3 d6 6. h3 Nbd7 7. Nbd2 Be7 8. 0-0 0-0 9. a4 c5 10. c3 Qc7 11. Bh2 Rfe8 12. Qb1 e5 13. dxe5 Nxe5 14. Nxe5 dxe5 15. Bb5 Red8 16. Rd1 a6 17. Bf1 Nd7 18. Nc4 f6 19. Qa2 Kh8 20. Qb3 Bc6 21. Bg3 b5 22. axb5 axb5 23. Rxa8 Rxa8 24. Na3 b4 25. Nb5 Bxb5 26. Bxb5 Nb6 27. Qe6 Rd8 28. Rxd8+ Qxd8 29. cxb4 cxb4 30. b3 Nd5 31. Bc4 Nc3 32. Kh2 Ne4 33. f4 1/2-1/2

[Event "Oberliga Ost-B 1112"]
[Site "Germany"]
[Date "2011.10.23"]
[Round "3.5"]
[White "Schwenkreis, Thomas"]
[Black "Wehner, Janis"]
[Result "1-0"]
[WhiteElo "2194"]
[BlackElo "2174"]
[PlyCount "151"]
[EventDate "2011.10.02"]
[EventType "team-tourn"]
[EventRounds "11"]
[EventCountry "GER"]
[SourceTitle "EXT 2013"]
[Source "ChessBase"]
[SourceDate "2012.11.22"]
[SourceVersion "1"]
[SourceVersionDate "2012.11.22"]
[SourceQuality "1"]
[WhiteTeam "Frankfurt BvK"]
[BlackTeam "Erfurt Medizin"]
[WhiteTeamCountry "GER"]
[BlackTeamCountry "GER"]

1. e4 c5 2. Nf3 Nc6 3. d4 cxd4 4. Nxd4 g6 5. c4 Bg7 6. Nc2 Nf6 7. Nc3 0-0 8. Be2 d6 9. Be3 a5 10. f3 Nd7 11. Qd2 Nc5 12. Bh6 Nb4 13. Bxg7 Nxc2+ 14. Qxc2 Kxg7 15. Rd1 Be6 16. 0-0 Qb6 17. Kh1 Rfc8 18. f4 f5 19. exf5 Bxf5 20. Qc1 Ne4 21. Nxe4 Bxe4 22. Qc3+ Kf7 23. Bg4 Rc5 24. Rde1 Qc6 25. Qh3 Kg8 26. Be6+ Kg7 27. Bd5 Bxd5 28. cxd5 Qc7 29. Qe6 Rf8 30. f5 Rf6 31. Qe4 Qd7 32. fxg6 Rxf1+ 33. Rxf1 hxg6 34. h3 b5 35. Qd4+ Kg8 36. Rf3 Qc8 37. Qe4 Qe8 38. Kh2 b4 39. Rg3 Kg7 40. Qd4+ Kg8 41. Re3 Qf7 42. Re6 Rc7 43. Qe3 Kh7 44. Qg5 Qg7 45. h4 Rb7 46. h5 Rc7 47. Rxg6 Qe5+ 48. Qxe5 dxe5 49. Re6 Rc2 50. Rxe7+ Kh6 51. Rxe5 Rxb2 52. d6 Rd2 53. Rxa5 Rxd6 54. g4 Rd3 55. Ra6+ Kg5 56. Rg6+ Kh4 57. h6 Rd2+ 58. Kg1 Kg3 59. Kf1 Rxa2 60. g5 Rh2 61. Rb6 Kf3 62. Ke1 Ke3 63. Kd1 Kf4 64. Rg6 Ke3 65. Rg7 b3 66. Kc1 Kd3 67. Rd7+ Kc3 68. Rc7+ Kb4 69. h7 b2+ 70. Kb1 Kb3 71. Rb7+ Kc3 72. Ka2 Rh1 73. Rc7+ Kd4 74. Kxb2 Ke5 75. g6 Kf6 76. Rc8 1-0

[Event "Pardubice TEV op"]
[Site "Pardubice"]
[Date "2011.07.26"]
[Round "5"]
[White "Sadikhov, Ulvi Ramil Oglu"]
[Black "Wehner, Janis"]
[Result "1/2-1/2"]
[WhiteElo "2127"]
[BlackElo "2174"]
[PlyCount "56"]
[EventDate "2011.07.22"]
[EventType "swiss"]
[EventRounds "9"]
[EventCountry "CZE"]
[SourceTitle "EXT 2012"]
[Source "ChessBase"]
[SourceDate "2011.11.24"]
[SourceVersion "1"]
[SourceVersionDate "2011.11.24"]
[SourceQuality "1"]

1. e4 c5 2. Nf3 Nc6 3. d4 cxd4 4. Nxd4 g6 5. c4 Bg7 6. Be3 Nf6 7. Nc3 0-0 8. Be2 d6 9. 0-0 Bd7 10. f3 Nxd4 11. Bxd4 a5 12. Qd2 Bc6 13. b3 Nd7 14. Be3 Nc5 15. Rfc1 Be5 16. Rab1 e6 17. Bg5 f6 18. Bh4 g5 19. Bf2 g4 20. fxg4 Bxe4 21. Nxe4 Nxe4 22. Qe3 Nxf2 23. Qxf2 f5 24. Rf1 Qf6 25. Qf3 Qh6 26. h3 fxg4 27. Qxg4+ Kh8 28. Qe4 Rf4 1/2-1/2

[Event "Pardubice TEV op"]
[Site "Pardubice"]
[Date "2011.07.24"]
[Round "3"]
[White "Dolnak, Michal"]
[Black "Wehner, Janis"]
[Result "1/2-1/2"]
[WhiteElo "2043"]
[BlackElo "2174"]
[PlyCount "64"]
[EventDate "2011.07.22"]
[EventType "swiss"]
[EventRounds "9"]
[EventCountry "CZE"]
[SourceTitle "EXT 2012"]
[Source "ChessBase"]
[SourceDate "2011.11.24"]
[SourceVersion "1"]
[SourceVersionDate "2011.11.24"]
[SourceQuality "1"]

1. d4 Nf6 2. c4 e6 3. g3 Bb4+ 4. Bd2 Be7 5. Nf3 d5 6. Bg2 0-0 7. 0-0 dxc4 8. Qc2 a6 9. Qxc4 b5 10. Qc2 Bb7 11. Bf4 Nd5 12. Qd2 Nxf4 13. Qxf4 c5 14. Rd1 cxd4 15. Rxd4 Qb6 16. e3 Nc6 17. Rd1 Rad8 18. Nc3 b4 19. Ne4 Qa5 20. Ned2 Bf6 21. Nb3 Rxd1+ 22. Rxd1 Qxa2 23. Nc5 Bc8 24. Ne1 Ne7 25. Qxb4 Qxb2 26. Qa5 Nd5 27. Ned3 Qb5 28. Qxb5 axb5 29. Bxd5 exd5 30. Rb1 g5 31. Rxb5 Bh3 32. Na6 Ra8 1/2-1/2

[Event "Oberliga Ost-B 1011"]
[Site "Germany"]
[Date "2011.04.10"]
[Round "11.2"]
[White "Euler, Gerd"]
[Black "Wehner, Janis"]
[Result "1-0"]
[WhiteElo "2331"]
[BlackElo "2198"]
[PlyCount "49"]
[EventDate "2010.10.24"]
[EventType "team-tourn"]
[EventRounds "11"]
[EventCountry "GER"]
[SourceTitle "EXT 2012"]
[Source "ChessBase"]
[SourceDate "2011.11.24"]
[SourceVersion "1"]
[SourceVersionDate "2011.11.24"]
[SourceQuality "1"]
[WhiteTeam "Hungen Lich"]
[BlackTeam "Erfurt Medizin"]
[WhiteTeamCountry "GER"]
[BlackTeamCountry "GER"]

1. d4 Nf6 2. c4 e6 3. Nf3 Bb4+ 4. Nbd2 0-0 5. e3 d5 6. Bd3 dxc4 7. Bxc4 b6 8. 0-0 Bb7 9. Qe2 Nbd7 10. Rd1 Qe7 11. Nf1 e5 12. Ng3 g6 13. d5 e4 14. Nd4 Bd6 15. Nb5 Be5 16. a4 a6 17. Nd4 Bd6 18. Nc6 Bxc6 19. dxc6 Ne5 20. Bxa6 Nxc6 21. Bb7 Na5 22. Bxa8 Rxa8 23. Qb5 Qe6 24. b4 Qb3 25. Rxd6 1-0

[Event "Oberliga Ost-B 1011"]
[Site "Germany"]
[Date "2011.02.06"]
[Round "7.2"]
[White "Wehner, Janis"]
[Black "Donchenko, Anatoly G"]
[Result "1/2-1/2"]
[WhiteElo "2198"]
[BlackElo "2378"]
[PlyCount "61"]
[EventDate "2010.10.24"]
[EventType "team-tourn"]
[EventRounds "11"]
[EventCountry "GER"]
[SourceTitle "EXT 2012"]
[Source "ChessBase"]
[SourceDate "2011.11.24"]
[SourceVersion "1"]
[SourceVersionDate "2011.11.24"]
[SourceQuality "1"]
[WhiteTeam "Erfurt Medizin"]
[BlackTeam "Giessen"]
[WhiteTeamCountry "GER"]
[BlackTeamCountry "GER"]

1. e4 c5 2. Nf3 e6 3. d3 d5 4. Nbd2 Nc6 5. g3 g6 6. Bg2 Bg7 7. 0-0 Nge7 8. Re1 0-0 9. Nf1 dxe4 10. dxe4 Qxd1 11. Rxd1 b6 12. c3 Ba6 13. Ne3 Rfd8 14. Rxd8+ Rxd8 15. Bf1 Bb7 16. Be2 Na5 17. Nd2 Nec6 18. f4 Ne7 19. e5 g5 20. Nec4 Nxc4 21. Nxc4 gxf4 22. gxf4 Ba6 23. Kf2 Bh6 24. a4 Bxc4 25. Bxc4 Ng6 26. Kf3 Rd1 27. Be2 Nxe5+ 28. Kg2 Re1 29. Kf2 Rh1 30. Kg2 Re1 31. Kf2 1/2-1/2

[Event "Oberliga Ost-B 1011"]
[Site "Germany"]
[Date "2011.01.16"]
[Round "5.2"]
[White "Malek, Daniel"]
[Black "Wehner, Janis"]
[Result "1-0"]
[WhiteElo "2340"]
[BlackElo "2198"]
[PlyCount "57"]
[EventDate "2010.10.24"]
[EventType "team-tourn"]
[EventRounds "11"]
[EventCountry "GER"]
[SourceTitle "EXT 2012"]
[Source "ChessBase"]
[SourceDate "2011.11.24"]
[SourceVersion "1"]
[SourceVersionDate "2011.11.24"]
[SourceQuality "1"]
[WhiteTeam "Oberursel"]
[BlackTeam "Erfurt Medizin"]
[WhiteTeamCountry "GER"]
[BlackTeamCountry "GER"]

1. d4 Nf6 2. c4 g6 3. Nc3 Bg7 4. e4 d6 5. Nf3 0-0 6. Be2 e5 7. 0-0 Nc6 8. d5 Ne7 9. b4 Nh5 10. Re1 Nf4 11. Bxf4 exf4 12. Rc1 f5 13. Bf1 fxe4 14. Nxe4 Nf5 15. c5 h6 16. Bc4 g5 17. h3 g4 18. hxg4 Nh4 19. cxd6 cxd6 20. Nxh4 Qxh4 21. Nxd6 f3 22. g3 Qh3 23. Bf1 Qxg4 24. Rc4 Qg5 25. Nxc8 Raxc8 26. Rxc8 Rxc8 27. d6 Rf8 28. d7 Bf6 29. Re8 1-0

[Event "Oberliga Ost-B 0910"]
[Site "Germany"]
[Date "2010.01.23"]
[Round "6.3"]
[White "Hoegy, Kevin"]
[Black "Wehner, Janis"]
[Result "0-1"]
[WhiteElo "2167"]
[BlackElo "2184"]
[PlyCount "108"]
[EventDate "2009.10.18"]
[EventType "team-tourn"]
[EventRounds "11"]
[EventCountry "GER"]
[SourceTitle "EXT 2011"]
[Source "ChessBase"]
[SourceDate "2010.11.26"]
[SourceVersion "1"]
[SourceVersionDate "2010.11.26"]
[SourceQuality "1"]
[WhiteTeam "Neuberg"]
[BlackTeam "Erfurt Medizin"]
[WhiteTeamCountry "GER"]
[BlackTeamCountry "GER"]

1. d4 Nf6 2. c4 e6 3. Nf3 Bb4+ 4. Nbd2 0-0 5. e3 b6 6. Bd3 Bb7 7. 0-0 d5 8. cxd5 exd5 9. Ne5 Nbd7 10. Ndf3 Nxe5 11. Nxe5 Bd6 12. Qc2 c5 13. Bd2 Qe7 14. Bc3 c4 15. Be2 b5 16. f4 Ne4 17. Be1 f6 18. Ng4 Rfe8 19. Bf3 a5 20. Nf2 Rec8 21. Nxe4 dxe4 22. Be2 Bd5 23. g4 b4 24. Qc1 Qc7 25. Rf2 Qd7 26. Bd1 Rab8 27. a3 Qb5 28. axb4 axb4 29. Rc2 b3 30. Rf2 Ra8 31. Rb1 Bb4 32. Bc3 Qa5 33. Qd2 Bxc3 34. bxc3 Rc7 35. f5 Rca7 36. g5 Qd8 37. g6 h6 38. Rb2 Ra1 39. Kg2 R8a2 40. Rxa2 Rxa2 41. Qxa2 bxa2 42. Rxa2 Qc8 43. Rb2 Kf8 44. Bg4 Qa6 45. Kf2 Qa1 46. Rb5 Bc6 47. Rc5 Bd7 48. Be2 Qxc3 49. Rxc4 Qd2 50. Rc5 Ke7 51. Rc7 Kd6 52. Rc5 Qa2 53. h3 Qd2 54. h4 h5 0-1